000 00804nam a2200241Ia 4500
003 OSt
005 20220923222434.0
006 a|||||r|||| 00| 0
007 ta
008 220922b |||||||| |||| 00| 0 hin d
024 _a204,989
037 _cTextual
040 _aARTS
_cARTS
_bhin
041 _2hin
_ahin
082 _aO11195,1:g, L6
100 _aमिश्र, जगदीशप्रसाद
245 0 _aपाश्चात्य काव्य शास्त्र के सिद्धांत
246 _aPāshchātya kāvya shāstra ke siddhāanta
260 _c1976
650 _aहिन्दी साहित्य
_9156264
942 _hO11195,1:g, L6
_cTEXL
_2CC
999 _c355737
_d355737